वीरेन्द्र मिश्र :गीत समग्र / (Record no. 47331)

MARC details
000 -LEADER
fixed length control field 06420nam a22005657a 4500
005 - DATE AND TIME OF LATEST TRANSACTION
control field 2010091802302.0
010 ## - LCCN (DPL NO)
LC control number HIN-90526-29 B-427349-364
020 ## - INTERNATIONAL STANDARD BOOK NUMBER
Terms of availability 2500.00 (चार खंड)
International Standard Book Number 9789380146591
020 ## - INTERNATIONAL STANDARD BOOK NUMBER
Terms of availability 9789380146607
020 ## - INTERNATIONAL STANDARD BOOK NUMBER
Terms of availability 9789380146614
020 ## - INTERNATIONAL STANDARD BOOK NUMBER
Terms of availability 9789380146621
020 ## - INTERNATIONAL STANDARD BOOK NUMBER
Terms of availability 9789380146584 (चार खंडों का संयुक्त)
035 ## - SYSTEM CONTROL NUMBER
System control number HN-62872-75
035 ## - SYSTEM CONTROL NUMBER
System control number B-427349-364
037 ## - SOURCE OF ACQUISITION
Source of stock number/acquisition DBAD / PUB
037 ## - SOURCE OF ACQUISITION
Source of stock number/acquisition एलाईड पब्लिशर्स
082 ## - DEWEY DECIMAL CLASSIFICATION NUMBER
Classification number 821
245 ## - TITLE STATEMENT
Title वीरेन्द्र मिश्र :गीत समग्र /
Statement of responsibility, etc प्रदीप पंत द्वारा संपादित
246 ## - VARYING FORM OF TITLE
Title proper/short title Veerendra Mishra:Geet Samagra
Remainder of title Ed by Pradeep Pant
260 ## - PUBLICATION, DISTRIBUTION, ETC. (IMPRINT)
Place of publication, distribution, etc नई दिल्ली
Name of publisher, distributor, etc किताबघर प्रकाशन
Date of publication, distribution, etc 2010
270 ## - ADDRESS
Address 4855-56/24, अंसारी रोड़, दरियागंज
City नई दिल्ली
Postal code 110002
300 ## - PHYSICAL DESCRIPTION
Extent 4 भाग-(316;333;403;483पृ.)
Dimensions 22सेमी (सजिल्द)
500 ## - GENERAL NOTE
General note 4 भागों में प्रकाशित
650 ## - SUBJECT ADDED ENTRY--TOPICAL TERM
Topical term or geographic name as entry element हिन्दी कविता
700 ## - ADDED ENTRY--PERSONAL NAME
9 (RLIN) 20179
Personal name पंत, प्रदीप
700 ## - ADDED ENTRY--PERSONAL NAME
9 (RLIN) 20333
700 ## - ADDED ENTRY--PERSONAL NAME
9 (RLIN) 20540
942 ## - ADDED ENTRY ELEMENTS (KOHA)
Source of classification or shelving scheme Dewey Decimal Classification
Item type Hindi Books
Call number suffix वीरेन्द्र
Classification part 821
Holdings
Withdrawn status Lost status Not for loan Collection code Home library Current library Date acquired Source of acquisition Cost, normal purchase price Full call number Barcode Copy number Cost, replacement price Koha item type Materials specified (bound volume or other part)
      Non-fiction Central Library Central Library 05/05/2011 एलाईड पब्लिशर्स 2500.00 821 वीरेन्द्र B-427349 2 सैट 2500.00 Hindi Books भा-1
      Non-fiction Central Library Central Library 05/05/2011 एलाईड पब्लिशर्स 2500.00 821 वीरेन्द्र B-427350 2 सैट 2500.00 Hindi Books भा-2
      Non-fiction Central Library Central Library 05/05/2011 एलाईड पब्लिशर्स 2500.00 821 वीरेन्द्र B-427351 2 सैट 2500.00 Hindi Books भा-3
      Non-fiction Central Library Central Library 05/05/2011 एलाईड पब्लिशर्स 2500.00 821 वीरेन्द्र B-427352 2 सैट 2500.00 Hindi Books भा-4
      Non-fiction Central Library Central Library 05/05/2011 एलाईड पब्लिशर्स 2500.00 821 वीरेन्द्र B-427353 2 सैट 2500.00 Hindi Books भा-1
      Non-fiction Central Library Central Library 05/05/2011 एलाईड पब्लिशर्स 2500.00 821 वीरेन्द्र B-427354 2 सैट 2500.00 Hindi Books भा-2
      Non-fiction Central Library Central Library 05/05/2011 एलाईड पब्लिशर्स 2500.00 821 वीरेन्द्र B-427355 2 सैट 2500.00 Hindi Books भा-3
      Non-fiction Central Library Central Library 05/05/2011 एलाईड पब्लिशर्स 2500.00 821 वीरेन्द्र B-427356 2 सैट 2500.00 Hindi Books भा-4
    Not For Loan Non-fiction D.B.Act.Division D.B.Act.Division 21/09/2010 DBAD / PUB 2500.00 821 वीरेन्द्र HN-62872 1 2500.00 Hindi Books  
    Not For Loan Non-fiction D.B.Act.Division D.B.Act.Division 21/09/2010 DBAD / PUB 2500.00 821 वीरेन्द्र HN-62873 1 2500.00 Hindi Books  
    Not For Loan Non-fiction D.B.Act.Division D.B.Act.Division 21/09/2010 DBAD / PUB 2500.00 821 वीरेन्द्र HN-62874 1 2500.00 Hindi Books  
    Not For Loan Non-fiction D.B.Act.Division D.B.Act.Division 21/09/2010 DBAD / PUB 2500.00 821 वीरेन्द्र HN-62875 1 2500.00 Hindi Books  
      Non-fiction Patel Nagar Patel Nagar 05/05/2011 एलाईड पब्लिशर्स 2500.00 821 वीरेन्द्र B-427357 1 सैट 2500.00 Hindi Books भा-1
      Non-fiction Patel Nagar Patel Nagar 05/05/2011 एलाईड पब्लिशर्स 2500.00 821 वीरेन्द्र B-427358 1 सैट 2500.00 Hindi Books भा-2
      Non-fiction Patel Nagar Patel Nagar 05/05/2011 एलाईड पब्लिशर्स 2500.00 821 वीरेन्द्र B-427359 1 सैट   Hindi Books भा-3
      Non-fiction Patel Nagar Patel Nagar 05/05/2011 एलाईड पब्लिशर्स 2500.00 821 वीरेन्द्र B-427360 1 सैट 2500.00 Hindi Books भा-4
      Non-fiction Patel Nagar Patel Nagar 05/05/2011 एलाईड पब्लिशर्स 2500.00 821 वीरेन्द्र B-427361 1 सैट   Hindi Books भा-1
      Non-fiction Patel Nagar Patel Nagar 05/05/2011 एलाईड पब्लिशर्स 2500.00 821 वीरेन्द्र B-427362 1 सैट 2500.00 Hindi Books भा-2
      Non-fiction Patel Nagar Patel Nagar 05/05/2011 एलाईड पब्लिशर्स 2500.00 821 वीरेन्द्र B-427363 1 सैट 2500.00 Hindi Books भा-3
      Non-fiction Shahdara Branch Shahdara Branch 05/05/2011 एलाईड पब्लिशर्स 2500.00 821 वीरेन्द्र B-427364 1 सैट 2500.00 Hindi Books भा-4

© Delhi Public Library
Hit Counter
free hit counter